[Event "Hannover-ch MT"]
[Site "Hannover"]
[Date "2004.09.16"]
[Round "2"]
[White "Schulze, Torben"]
[Black "Troschkin, Viktor"]
[Result "1-0"]
[WhiteElo "1836"]
[BlackElo "1612"]
[PlyCount "99"]
[EventDate "2004.09.16"]
[EventType "swiss"]
[EventRounds "7"]
[EventCountry "GER"]
[SourceTitle "EXT 2021"]
[Source "ChessBase"]
[SourceDate "2020.10.23"]
[SourceVersion "1"]
[SourceVersionDate "2020.10.23"]
[SourceQuality "1"]

1. e4 c5 2. Nc3 Nc6 3. f4 d6 4. Nf3 Bd7 5. Bc4 e6 6. 0-0 Be7 7. a3 a6 8. d3 b5 9. Ba2 Rc8 10. h3 h5 11. f5 Nf6 12. Ng5 Nd4 13. Be3 0-0 14. Bxd4 cxd4 15. fxe6 dxc3 16. exd7 Qxd7 17. b4 a5 18. Kh1 axb4 19. axb4 Qb7 20. Bb3 Bd8 21. Qe1 Qe7 22. Rf5 Qb7 23. Qg3 g6 24. Nxf7 Rxf7 25. Qxg6+ Kf8 26. Qxf7+ Qxf7 27. Bxf7 Kxf7 28. Rxb5 Kg6 29. Ra6 Be7 30. Rb7 Re8 31. Rc7 Kg5 32. g3 h4 33. g4 Kf4 34. Rxc3 d5 35. exd5 Nxd5 36. Rc4+ Kg3 37. Re4 Rf8 38. Ra1 Bxb4 39. c4 Nc3 40. Rg1+ Kf2 41. Rg2+ Kf1 42. Re5 Rf3 43. d4 Rxh3+ 44. Rh2 Rxh2+ 45. Kxh2 Bd6 46. Kh3 Bxe5 47. dxe5 Ke2 48. g5 Kd3 49. g6 Kxc4 50. g7 1-0